| 000 | 00378 a2200133 4500 | ||
|---|---|---|---|
| 001 | 91359 | ||
| 082 | _aPR 1278 | ||
| 090 |
_c43481 _d43480 |
||
| 100 | _aAbrar Hussain, S. ; Prof Mushtaq Hussain and Wajid Ali Chishti (Advisors) | ||
| 245 |
_aDesign of a hingeless Rotor _n48 "A" EC |
||
| 260 |
_aKarachi _bNED University _c1998 |
||
| 300 | _a62p | ||
| 500 | _aBE Project Reports | ||
| 942 |
_aCAE NUST _kPR 1278 |
||
| 999 |
_c326432 _d326432 |
||